Vector mechanics for engineers (Record no. 4856)

000 -LEADER
fixed length control field 00594nam a2200217 a 4500
001 - CONTROL NUMBER
control field 4856
003 - CONTROL NUMBER IDENTIFIER
control field BD-DhUET
008 - FIXED-LENGTH DATA ELEMENTS--GENERAL INFORMATION
fixed length control field 840307s1984 nyua 001 0 eng
020 ## - INTERNATIONAL STANDARD BOOK NUMBER
International Standard Book Number 0070044384
040 ## - CATALOGING SOURCE
Original cataloging agency DLC
Transcribing agency DLC
Modifying agency BD-DhUET
082 00 - DEWEY DECIMAL CLASSIFICATION NUMBER
Classification number 620.1
Item number BEE/1984
100 ## - MAIN ENTRY--PERSONAL NAME
Personal name Beer, Ferdinand P.
245 10 - TITLE STATEMENT
Title Vector mechanics for engineers
Remainder of title statics and dynamics
250 ## - EDITION STATEMENT
Edition statement 4th ed.
260 ## - PUBLICATION, DISTRIBUTION, ETC. (IMPRINT)
Place of publication, distribution, etc. New York
Name of publisher, distributor, etc. McGraw-Hill
Date of publication, distribution, etc. 1984
300 ## - PHYSICAL DESCRIPTION
Extent xxi, 926 p.
Other physical details ill.
Dimensions 24 cm.
504 ## - BIBLIOGRAPHY, ETC. NOTE
Bibliography, etc Includes bibliographies
650 #0 - SUBJECT ADDED ENTRY--TOPICAL TERM
Topical term or geographic name as entry element Engineering instruments
700 1# - ADDED ENTRY--PERSONAL NAME
Personal name Johnston, E. Russell
942 ## - ADDED ENTRY ELEMENTS (KOHA)
Koha item type General Book
Holdings
Koha issues (times borrowed) Copy number Date acquired Piece designation (barcode) Koha date last borrowed Koha normalized classification for sorting Not for loan Sublocation or collection (holding branch) Price effective from Lost status Koha item type Koha date last seen Damaged status Koha full call number Withdrawn status Source of classification or shelving scheme Shelving location Location (home branch)
 12014-11-2366051 620_100000000000000_BEE_1984 Central Library, BUET2014-11-23 General Book2015-12-08 620.1/BEE/1984  Circulation sectionCentral Library, BUET
212014-11-24660422022-06-12620_000000000000000_1BEE1984 Central Library, BUET2014-11-24 General Book2022-06-20 620.1/BEE/1984  Circulation sectionCentral Library, BUET
412014-11-29660862023-01-10620_100000000000000_BEE_1984 Central Library, BUET2014-11-29 General Book2023-06-07 620.1/BEE/1984  Circulation sectionCentral Library, BUET
1492014-12-11660442025-04-30620_100000000000000_BEE_1984 Central Library, BUET2014-12-11 General Book2025-05-28 620.1 /BEE/1984  Circulation sectionCentral Library, BUET
 12014-12-1166012 620_100000000000000_BEE_1984 Central Library, BUET2014-12-11 General Book2015-02-23 620.1/BEE/1984  Circulation sectionCentral Library, BUET
 62015-01-1966043 620_100000000000000_BEE_1984 Central Library, BUET2015-01-19 General Book2015-12-22 620.1/BEE/1984  Circulation sectionCentral Library, BUET
172015-02-16813362022-11-21620_100000000000000_BEE_1984 Central Library, BUET2015-02-16 General Book2022-12-13 620.1/BEE/1984  Circulation sectionCentral Library, BUET
112015-04-01660482018-04-18620_100000000000000_BEE_1984 Central Library, BUET2015-04-01 General Book2018-04-30 620.1/BEE/1984  Circulation sectionCentral Library, BUET
 92015-06-2166015 620_100000000000000_BEE_1984 Central Library, BUET2015-06-21 Reading Item2015-06-21 620.1/BEE/1984  Reading sectionCentral Library, BUET
 102015-06-2266014 620_100000000000000_BEE_1984 Central Library, BUET2015-06-22 General Book2015-06-22 620.1/BEE/1984  Reading sectionCentral Library, BUET
 112015-06-2266013 620_100000000000000_BEE_1984 Central Library, BUET2015-06-22 General Book2015-06-22 620.1/BEE/1984  Reading sectionCentral Library, BUET
 122015-06-2966095 620_010000000000000_BEE_1984 Central Library, BUET2015-06-29 Reading Item2015-06-29 620.01/BEE/1984  Reading sectionCentral Library, BUET
 132015-07-2875502 620_100000000000000_BEE_1984 Central Library, BUET2015-07-28 General Book2015-07-28 620.1/BEE/1984  Circulation sectionCentral Library, BUET